| 000 | 01110nam a2200217Ia 4500 | ||
|---|---|---|---|
| 003 | Ost | ||
| 005 | 20260507075652.0 | ||
| 008 | 260507s9999||||xx |||||||||||||| ||und|| | ||
| 040 | _cfsecg | ||
| 041 | _aara | ||
| 082 | _a658.4034 | ||
| 100 |
_aالسوافيري، فتحي رزق _eمؤلف |
||
| 245 | 0 |
_aمدخل معاصر في بحوث العمليات : _bتطبيقات باستخدام الحاسوب / _c فتحي رزق السوافيري |
|
| 260 |
_aالإسكندرية: _bالدار الجامعية, _c2004 |
||
| 300 |
_a442 صفحة؛ _bإيضاحات ؛ _c25 سم |
||
| 520 | _aعملية اتخاذ القرارات في ظل بحوث العمليات- أسلوب البرمجة الخطية- معالجة مشكلة التوزيع والتخصيص- أسلوب تقييم ومراجعة البرامج- نظريات المباريات- النماذج الكمية لتخطيط ورقابة المخزون- تحليل عنصر المخزون. | ||
| 653 | _aالبرمجة الخطية | ||
| 653 | _aبحوث العمليات | ||
| 653 | _aبرامج الحاسوب | ||
| 942 | _cكتاب | ||
| 999 |
_c45636 _d45636 |
||